| 000 | 02382cam a22004694i 4500 | ||
|---|---|---|---|
| 003 | PE-LiUPU | ||
| 005 | 20250731165437.0 | ||
| 008 | 160523s2016 pe a grm 000 0 spa d | ||
| 035 | _a(Sirsi) a156796 | ||
| 040 |
_aPE-LiUPU _bspa _cPE-LiUPU _erda |
||
| 099 |
_aTEF 2 _bF89 2016 |
||
| 100 | 1 |
_aFuentes Mamani, Pamela _eautor |
|
| 245 | 1 |
_aAlimentación en el primer semestre de vida y desarrollo psicomotor en niños de 2 años del Puesto de Salud de Huascata, Chaclacayo, Lima, 2015 / _cPamela Fuentes Mamani. |
|
| 264 | 0 | _c2016. | |
| 300 |
_a95 hojas : _bilustraciones; _c30 cm |
||
| 336 |
_atext _2rdacontent |
||
| 337 |
_aunmediated _2rdamedia |
||
| 338 |
_avolume _2rdacarrier |
||
| 502 |
_aTesis _b(Lic.) -- _cUniversidad Peruana Unión, _d2016. |
||
| 504 | _aIncluye bibliografía | ||
| 520 | 3 | _aObjetivo: Determinar la relación entre la alimentación durante el primer semestre de vida y el desarrollo psicomotor en los niños de 2 años del Puesto de Salud de Huascata, Chaclacayo - Lima, 2015. Metodología: Corresponde a un estudio de enfoque cuantitativo, de diseño no experimental, descriptivo, correlacional y retrospectivo, siendo la muestra seleccionada por muestreo no probabilístico de tipo intencional y estuvo conformada por 100 niños de dos años. Los instrumentos usados fueron: una ficha de lactancia materna y el TEPSI. Resultados: el 51% de los niños recibieron lactancia materna exclusiva, 39% lactancia mixta y 10% lactancia artificial; en el nivel de desarrollo psicomotor de los niños, el 70% evidenció nivel normal, 28% en riesgo y un 2% en retraso. Conclusiones: Se halló relación entre la alimentación en el primer semestre de vida y el desarrollo psicomotor en los niños de dos años (p=0.000). | |
| 526 | _aSEG44 | ||
| 526 | _aSEG26 | ||
| 526 | _aP151 | ||
| 526 | _aP150 | ||
| 526 | _aP149 | ||
| 526 | _aP146 | ||
| 526 | _aP145 | ||
| 526 | _aP126 | ||
| 526 | _aP125 | ||
| 526 | _aP92 | ||
| 526 | _aP75 | ||
| 526 | _aP74 | ||
| 526 | _aP27 | ||
| 526 | _aP15 | ||
| 650 | 1 | 4 |
_aLactancia materna _vTesis. |
| 650 | 2 | 4 |
_aCrianza de niños _vTesis. |
| 700 | 1 |
_aMaldonado Mendoza, Roxana Elizabeth _eautor |
|
| 596 | _a1 | ||
| 942 |
_2ddc _cTESIS |
||
| 999 |
_aTEF 2 F89 2016 _wALPHANUM _c9446 _iT01939 _lCCODEBUL3 _mBUL _r1 _sY _tTESIS _u2016-5-23 _xSALUD _PP22 _o.STAFF. Tesis _d9446 |
||
| 980 |
_81 _gALBERTO SANCHEZ Responsable de Automatización |
||